[Event "Lindores Abbey Tal Blitz 2021"]
[Site "Riga"]
[Date "2021.11.08"]
[Round "11.32"]
[White "Petrosyan, Manuel"]
[Black "Moussard, Jules"]
[Result "1-0"]
[WhiteElo "2599"]
[BlackElo "2632"]
[Annotator "TA"]
[PlyCount "73"]
[EventDate "2021.11.02"]
[EventType "swiss"]
[EventCountry "LAT"]
[SourceTitle "playchess.com"]
[Source "ChessBase"]
[SourceQuality "1"]

1. Nf3 f5 2. g3 Nf6 3. Bg2 g6 4. O-O Bg7 5. b4 d6 6. d4 O-O 7. Bb2 c6 8. c4 a5
9. b5 a4 10. bxc6 bxc6 11. Nbd2 Qa5 12. Qc2 Kh8 13. Bc3 Qa6 14. Rab1 Be6 15. d5
cxd5 16. Ng5 Bg8 17. cxd5 Rc8 18. Qb2 a3 19. Qa1 Ra7 20. Bd4 Rac7 21. Rfc1 Nbd7
22. e4 fxe4 23. Rxc7 Rxc7 24. Ndxe4 Qd3 25. Rd1 Qc4 26. h4 h6 27. Nh3 Kh7 28.
Nf4 Qc2 29. Re1 Rb7 30. Nxf6+ Bxf6 31. Be4 Qc4 32. Bxg6+ Kg7 33. Rxe7+ Kf8 34.
Re8+ Kg7 35. Re7+ Kf8 36. Bxf6 Bxd5 37. Re8# 1-0

[Event "Lindores Abbey Tal Blitz 2021"]
[Site "Riga"]
[Date "2021.11.08"]
[Round "11.33"]
[White "Abasov, Nijat"]
[Black "Volokitin, Andrei"]
[Result "1/2-1/2"]
[WhiteElo "2634"]
[BlackElo "2656"]
[Annotator "ChessBase"]
[PlyCount "90"]
[EventDate "2021.11.02"]
[EventType "swiss"]
[EventCountry "LAT"]
[SourceTitle "playchess.com"]
[Source "ChessBase"]
[SourceQuality "1"]

1. d4 Nf6 2. Nf3 d5 3. Bf4 c5 4. e3 Nc6 5. Nbd2 Qb6 6. dxc5 Qxb2 7. Rb1 Qc3 8.
Bb5 g6 9. e4 a6 10. Bxc6+ bxc6 11. O-O Bg7 12. Be5 Qxc5 13. Nb3 Qa7 14. Nfd4
dxe4 15. Na5 c5 16. Ndc6 Qd7 17. Qe2 O-O 18. Qe3 Ng4 19. Qxe4 Qe6 20. Rfe1 Nxe5
21. Nxe5 Ra7 22. Nec6 Rd7 23. Qxe6 fxe6 24. Nc4 Rc7 25. N6e5 Bb7 26. Rb6 Bd5
27. h4 a5 28. a4 Bxc4 29. Nxc4 Bd4 30. Re2 Rd7 31. Rbxe6 Bxf2+ 32. Kh2 Rd4 33.
R2e4 Bxh4 34. Nxa5 Ra8 35. Nb3 Rdxa4 36. Nxc5 Rxe4 37. Rxe4 Bf6 38. c4 Kf7 39.
Ne6 Rc8 40. c5 Ke8 41. Kg3 Kd7 42. Kf3 Rc6 43. Nf8+ Kc7 44. Nxh7 Rxc5 45. Nxf6
exf6 1/2-1/2

[Event "Lindores Abbey Tal Blitz 2021"]
[Site "Riga"]
[Date "2021.11.08"]
[Round "11.34"]
[White "Sadhwani, Raunak"]
[Black "Van Foreest, Jorden"]
[Result "1-0"]
[WhiteElo "2609"]
[BlackElo "2701"]
[Annotator "ChessBase"]
[PlyCount "73"]
[EventDate "2021.11.02"]
[EventType "swiss"]
[EventCountry "LAT"]
[SourceTitle "playchess.com"]
[Source "ChessBase"]
[SourceQuality "1"]

1. b3 d6 2. Bb2 Nf6 3. d4 g6 4. g3 Bg7 5. Bg2 O-O 6. Nf3 a5 7. c4 a4 8. bxa4 c5
9. O-O Nc6 10. d5 Na5 11. Nbd2 e6 12. e4 exd5 13. cxd5 Re8 14. Re1 Bg4 15. Qc2
Bxf3 16. Nxf3 Nd7 17. Bxg7 Kxg7 18. Rab1 Qf6 19. Nd2 Ne5 20. f4 Nd7 21. Nf3 c4
22. h3 c3 23. Kh2 Rac8 24. Rb4 Nc4 25. Rb3 Na5 26. e5 dxe5 27. Rxc3 Rcd8 28.
Rce3 e4 29. Rxe4 Rxe4 30. Qxe4 Rc8 31. Ne5 Nb6 32. Qb4 Nac4 33. a5 Nxd5 34.
Bxd5 Nd6 35. Re2 Nf5 36. Qxb7 Rf8 37. Nd7 1-0

[Event "Lindores Abbey Tal Blitz 2021"]
[Site "Riga"]
[Date "2021.11.08"]
[Round "11.35"]
[White "Sethuraman, S.P.."]
[Black "Kuzubov, Yuriy"]
[Result "1-0"]
[WhiteElo "2620"]
[BlackElo "2637"]
[Annotator "ChessBase"]
[PlyCount "80"]
[EventDate "2021.11.02"]
[EventType "swiss"]
[EventCountry "LAT"]
[SourceTitle "playchess.com"]
[Source "ChessBase"]
[SourceQuality "1"]

1. e4 e5 2. Nf3 Nf6 3. Nxe5 d6 4. Nf3 Nxe4 5. Nc3 Nf6 6. d4 g6 7. Bg5 Bg7 8.
Qd2 O-O 9. O-O-O a6 10. Kb1 b5 11. Bd3 Bb7 12. h4 h5 13. Ne4 Nbd7 14. Qf4 Re8
15. Rhe1 Nd5 16. Qd2 Qb8 17. Bh6 Bh8 18. g4 N5f6 19. Qf4 Bxe4 20. Bxe4 Rxe4 21.
Rxe4 Nxe4 22. Qxe4 Nf6 23. Qc6 Nxg4 24. Be3 Qd8 25. Bg5 Qe8 26. Qxc7 Rc8 27.
Qb7 Qc6 28. Qxc6 Rxc6 29. Re1 Rc8 30. Re2 Kf8 31. Be7+ Ke8 32. Bxd6+ Kd7 33.
Bg3 Bf6 34. c3 Nh6 35. Be5 Be7 36. Bf4 Nf5 37. Ne5+ Ke8 38. Bg3 Kf8 39. Re4 Nd6
40. Nd7+ Ke8 1-0

[Event "Lindores Abbey Tal Blitz 2021"]
[Site "Riga"]
[Date "2021.11.08"]
[Round "11.36"]
[White "Kuybokarov, Temur"]
[Black "Vokhidov, Shamsiddin"]
[Result "0-1"]
[WhiteElo "2549"]
[BlackElo "2521"]
[Annotator "ChessBase"]
[PlyCount "124"]
[EventDate "2021.11.02"]
[EventType "swiss"]
[EventCountry "LAT"]
[SourceTitle "playchess.com"]
[Source "ChessBase"]
[SourceQuality "1"]

1. e4 c5 2. Nf3 d6 3. d4 cxd4 4. Nxd4 Nf6 5. Nc3 Nc6 6. Bg5 e6 7. Qd2 Be7 8.
O-O-O a6 9. Kb1 Rb8 10. f4 h6 11. Bh4 Nxd4 12. Qxd4 Qc7 13. e5 dxe5 14. fxe5
Nd7 15. Bxe7 Kxe7 16. Ne4 b6 17. Nd6 Rd8 18. Qf4 Nxe5 19. Qxe5 Rxd6 20. Bd3 f6
21. Qg3 Kf8 22. Rhf1 Bb7 23. Qg6 Rbd8 24. Rde1 Qf7 25. Qg3 Kg8 26. h4 Rd4 27.
Qh3 f5 28. h5 Qf6 29. a3 R8d6 30. Qe3 b5 31. Rf2 b4 32. axb4 Rxb4 33. b3 Qc3
34. Qe5 Qxe5 35. Rxe5 Kf7 36. Bc4 Kf6 37. Rfe2 Be4 38. Ra5 Rdb6 39. Kc1 Bb7 40.
Rae5 Be4 41. Ra5 Rc6 42. g4 Bf3 43. Rd2 fxg4 44. Rd4 e5 45. Rd7 Kg5 46. Rxg7+
Kxh5 47. Rxe5+ Kh4 48. Ree7 Kg3 49. Bd3 Rxb3 50. Kd2 Rb4 51. Re1 h5 52. Rg1+
Kh2 53. Rf1 h4 54. Rh7 h3 55. Re7 Kg3 56. Rg1+ Kh2 57. Rf1 Rf6 58. Ke3 Rbb6 59.
Rg7 Rbe6+ 60. Kd2 Kg2 61. Rb1 h2 62. Bf1+ Kg3 0-1

[Event "Lindores Abbey Tal Blitz 2021"]
[Site "Riga"]
[Date "2021.11.08"]
[Round "11.37"]
[White "Morovic Fernandez, Ivan"]
[Black "Chigaev, Maksim"]
[Result "0-1"]
[WhiteElo "2510"]
[BlackElo "2626"]
[Annotator "ChessBase"]
[PlyCount "82"]
[EventDate "2021.11.02"]
[EventType "swiss"]
[EventCountry "LAT"]
[SourceTitle "playchess.com"]
[Source "ChessBase"]
[SourceQuality "1"]

1. e4 c5 2. Nf3 d6 3. d4 cxd4 4. Nxd4 Nf6 5. Nc3 a6 6. Be2 e6 7. O-O Be7 8. a4
Nc6 9. Be3 O-O 10. f4 Rb8 11. Kh1 Bd7 12. Qe1 e5 13. Nf5 Bxf5 14. exf5 e4 15.
Rd1 d5 16. Nxd5 Nxd5 17. Bc4 Nxe3 18. Rxd8 Nxc4 19. Rxf8+ Bxf8 20. f6 Re8 21.
fxg7 Bxg7 22. f5 Bf6 23. Qe2 Nxb2 24. Rf4 e3 25. Qg4+ Kf8 26. Re4 Rd8 27. Rxe3
Rd1+ 28. Qxd1 Nxd1 29. Rb3 Na5 30. Rb4 Nc3 31. g4 h6 32. Kg2 Nd5 33. Re4 Nc4
34. Kg3 Nd6 35. Re1 Nc3 36. h4 Nxa4 37. Rd1 Nc5 38. Kf4 Nce4 39. c4 b6 40. Rb1
Bxh4 41. Rxb6 Bg5+ 0-1

[Event "Lindores Abbey Tal Blitz 2021"]
[Site "Riga"]
[Date "2021.11.08"]
[Round "11.38"]
[White "Zhou, Jianchao"]
[Black "Sasikiran, Krishnan"]
[Result "0-1"]
[WhiteElo "2616"]
[BlackElo "2640"]
[Annotator "ChessBase"]
[PlyCount "121"]
[EventDate "2021.11.02"]
[EventType "swiss"]
[EventCountry "LAT"]
[SourceTitle "playchess.com"]
[Source "ChessBase"]
[SourceQuality "1"]

1. d4 Nf6 2. c4 e6 3. Nf3 d5 4. Nc3 h6 5. g3 Bd6 6. Bg2 O-O 7. O-O Nc6 8. b3
dxc4 9. bxc4 e5 10. d5 Nb4 11. Nd2 Na6 12. Nde4 Nxe4 13. Nxe4 Nc5 14. Nxc5 Bxc5
15. Bb2 Qd6 16. a4 a5 17. Qb3 b6 18. Ba3 Bd7 19. Bxc5 bxc5 20. Qc3 Rfb8 21. f4
exf4 22. gxf4 f5 23. e4 fxe4 24. Bxe4 Re8 25. Bc2 Qf6 26. Qd3 Qd4+ 27. Qxd4
cxd4 28. Rad1 Re2 29. Rf2 Rxc2 30. Rxc2 Bxa4 31. Rcd2 Bxd1 32. Rxd1 a4 33. Rxd4
a3 34. Rd1 Kf7 35. Kf2 a2 36. Ra1 Ra3 37. c5 Ke7 38. h4 h5 39. Ke2 g6 40. Kd2
Ra5 41. Ke3 Kf6 42. Kd4 Ra4+ 43. Kc3 Ke7 44. Kb3 Rxf4 45. Rxa2 Rxh4 46. Ra7 Kd8
47. Ra8+ Kd7 48. Ra7 Kc8 49. c6 Kd8 50. Ra8+ Ke7 51. Rc8 Kd6 52. Rd8+ Kc5 53.
Rd7 Rg4 54. Rxc7 Kxd5 55. Rc8 Kd6 56. Kc3 h4 57. Kd3 g5 58. Ke3 h3 59. Rh8 Rg3+
60. Ke4 Kxc6 61. Kd4 0-1

[Event "Lindores Abbey Tal Blitz 2021"]
[Site "Riga"]
[Date "2021.11.08"]
[Round "11.39"]
[White "Ter-Sahakyan, Samvel"]
[Black "Cori T., Deysi"]
[Result "0-1"]
[WhiteElo "2615"]
[BlackElo "2396"]
[Annotator "ChessBase"]
[PlyCount "42"]
[EventDate "2021.11.02"]
[EventType "swiss"]
[EventCountry "LAT"]
[SourceTitle "playchess.com"]
[Source "ChessBase"]
[SourceQuality "1"]

1. e4 d6 2. d4 g6 3. Nc3 c6 4. Be3 Nf6 5. Qd2 b5 6. f3 Qc7 7. g4 h5 8. g5 Nfd7
9. f4 Nb6 10. b3 Bg7 11. Nf3 b4 12. Nd1 c5 13. Nf2 Nc6 14. Rd1 Bg4 15. Nxg4
hxg4 16. Ng1 Nxd4 17. Kf2 d5 18. e5 Nf5 19. Qe1 d4 20. Bc1 g3+ 21. Kg2 Qb7+ 0-1

[Event "Lindores Abbey Tal Blitz 2021"]
[Site "Riga"]
[Date "2021.11.08"]
[Round "11.40"]
[White "Rakhmanov, Aleksandr"]
[Black "Munguntuul, Batkhuyag"]
[Result "1/2-1/2"]
[WhiteElo "2650"]
[BlackElo "2433"]
[Annotator "ChessBase"]
[PlyCount "94"]
[EventDate "2021.11.02"]
[EventType "swiss"]
[EventCountry "LAT"]
[SourceTitle "playchess.com"]
[Source "ChessBase"]
[SourceQuality "1"]

1. c4 c6 2. d4 d5 3. Nf3 Nf6 4. cxd5 cxd5 5. Nc3 Nc6 6. Bf4 Bf5 7. e3 e6 8. Qb3
Bb4 9. Ne5 Qa5 10. Nxc6 bxc6 11. a3 Bxc3+ 12. Qxc3 Qxc3+ 13. bxc3 Kd7 14. Be2
Ne4 15. g4 Bg6 16. c4 dxc4 17. Bxc4 Nd6 18. Be2 Rab8 19. Rc1 Rb3 20. a4 Rhb8
21. h4 Rb1 22. O-O R8b2 23. Bf3 Rxc1 24. Rxc1 Be4 25. Bd1 f6 26. Kf1 Bd3+ 27.
Ke1 Ne4 28. Bf3 f5 29. gxf5 exf5 30. Be5 g6 31. Bf4 Ra2 32. Rd1 Nxf2 33. Rd2
Rxd2 34. Kxd2 Bb1 35. a5 a6 36. Be2 Ne4+ 37. Kc1 Ba2 38. Bxa6 Nd6 39. Be2 Nc4
40. a6 Nb6 41. Bf3 Bd5 42. Be2 Kc8 43. a7 Kb7 44. Bb8 Bc4 45. Bf3 Bd5 46. Be2
Bc4 47. Bf3 Bd5 1/2-1/2

[Event "Lindores Abbey Tal Blitz 2021"]
[Site "Riga"]
[Date "2021.11.08"]
[Round "11.41"]
[White "Firat, Burak"]
[Black "Miezis, Normunds"]
[Result "0-1"]
[WhiteElo "2480"]
[BlackElo "2446"]
[Annotator "ChessBase"]
[PlyCount "70"]
[EventDate "2021.11.02"]
[EventType "swiss"]
[EventCountry "LAT"]
[SourceTitle "playchess.com"]
[Source "ChessBase"]
[SourceQuality "1"]

1. d4 Nf6 2. c4 c5 3. d5 e6 4. Nc3 exd5 5. cxd5 Bd6 6. Nf3 Bc7 7. d6 Ba5 8. g3
O-O 9. Bg2 Ne4 10. O-O Bxc3 11. bxc3 Qf6 12. Bf4 Nc6 13. Ne5 Nxe5 14. Bxe4 Ng6
15. Bxg6 hxg6 16. Qd5 Qf5 17. Qg2 Rb8 18. e4 Qe6 19. e5 b6 20. Rfe1 Bb7 21. f3
Rfe8 22. Re3 Qf5 23. h4 b5 24. Rae1 a5 25. Qh2 b4 26. g4 Qe6 27. h5 gxh5 28.
Qxh5 Qg6 29. Qh4 Bd5 30. R1e2 a4 31. cxb4 cxb4 32. Bg5 b3 33. Bf6 bxa2 34. Rh2
a1=Q+ 35. Kf2 Rb2+ 0-1

[Event "Lindores Abbey Tal Blitz 2021"]
[Site "Riga"]
[Date "2021.11.08"]
[Round "11.42"]
[White "Kosteniuk, Alexandra"]
[Black "Dzagnidze, Nana"]
[Result "0-1"]
[WhiteElo "2518"]
[BlackElo "2524"]
[Annotator "ChessBase"]
[PlyCount "125"]
[EventDate "2021.11.02"]
[EventType "swiss"]
[EventCountry "LAT"]
[SourceTitle "playchess.com"]
[Source "ChessBase"]
[SourceQuality "1"]

1. e4 c5 2. c3 Nf6 3. e5 Nd5 4. Nf3 Nc6 5. d4 cxd4 6. cxd4 d6 7. Bc4 Nb6 8. Bb5
dxe5 9. Nxe5 Bd7 10. Nxd7 Qxd7 11. Nc3 e6 12. O-O Be7 13. Qg4 O-O 14. Rd1 Rfd8
15. Bh6 Bf8 16. Bg5 Be7 17. Bxc6 bxc6 18. Bh6 Bf8 19. Qg3 Nd5 20. Ne4 Qc7 21.
Qxc7 Nxc7 22. Be3 Nd5 23. Rac1 Rab8 24. b3 Rb6 25. Nd2 Ra6 26. a4 Rb6 27. Rc4
Nxe3 28. fxe3 Bb4 29. Nf3 f6 30. Rdc1 Rc8 31. e4 Kf7 32. d5 c5 33. Nd4 exd5 34.
exd5 Rd8 35. Nc6 Rd7 36. Kf2 a6 37. Nxb4 Rxb4 38. Rxb4 cxb4 39. Rc5 Ke7 40. Ke3
Rd6 41. Rc7+ Rd7 42. Rc5 Rd6 43. Kd4 Kd7 44. a5 h5 45. Kc4 f5 46. g3 h4 47.
Kxb4 hxg3 48. hxg3 Rg6 49. Rc3 Rf6 50. Kc5 g5 51. b4 f4 52. gxf4 gxf4 53. Rf3
Rf5 54. b5 axb5 55. a6 Kc7 56. Ra3 Kb8 57. Kc6 f3 58. d6 f2 59. d7 Rf6+ 60. Kd5
Kc7 61. Rc3+ Kxd7 62. a7 f1=Q 63. Kd4 0-1

[Event "Lindores Abbey Tal Blitz 2021"]
[Site "Riga"]
[Date "2021.11.08"]
[Round "11.43"]
[White "Rakotomaharo, Fy Antenaina"]
[Black "Meshkovs, Nikita"]
[Result "0-1"]
[WhiteElo "2487"]
[BlackElo "2557"]
[Annotator "ChessBase"]
[PlyCount "56"]
[EventDate "2021.11.02"]
[EventType "swiss"]
[EventCountry "LAT"]
[SourceTitle "playchess.com"]
[Source "ChessBase"]
[SourceQuality "1"]

1. e4 c5 2. Nf3 Nc6 3. d4 cxd4 4. Nxd4 e6 5. Nc3 Qc7 6. Be3 a6 7. g4 b5 8. Nxc6
dxc6 9. Qf3 Nf6 10. O-O-O e5 11. Rg1 Bb4 12. g5 Nd7 13. Bd2 Be7 14. h4 Nc5 15.
Be3 Qa5 16. Kb1 Be6 17. a3 b4 18. axb4 Qxb4 19. Bc1 Rb8 20. Na2 Qa5 21. c4 Rb3
22. Nc3 O-O 23. Kc2 Rfb8 24. h5 Qb4 25. Kd2 Na4 26. Ke1 Nxc3 27. Bd2 Nxd1 28.
Bxb4 Bxb4+ 0-1

[Event "Lindores Abbey Tal Blitz 2021"]
[Site "Riga"]
[Date "2021.11.08"]
[Round "11.44"]
[White "Saduakassova, Dinara"]
[Black "Donchenko, Alexander"]
[Result "0-1"]
[WhiteElo "2491"]
[BlackElo "2645"]
[Annotator "ChessBase"]
[PlyCount "108"]
[EventDate "2021.11.02"]
[EventType "swiss"]
[EventCountry "LAT"]
[SourceTitle "playchess.com"]
[Source "ChessBase"]
[SourceQuality "1"]

1. d4 Nf6 2. Nf3 e6 3. Bf4 c5 4. e3 b6 5. Nbd2 Be7 6. h3 O-O 7. c3 d5 8. Bd3
Ba6 9. Bxa6 Nxa6 10. O-O Nb8 11. Qe2 Nc6 12. Rfd1 Bd6 13. Bxd6 Qxd6 14. e4 dxe4
15. Nxe4 Nxe4 16. Qxe4 Rad8 17. Ng5 g6 18. Qh4 h5 19. Ne4 Qc7 20. dxc5 bxc5 21.
Qg5 Qe5 22. Qxe5 Nxe5 23. Nxc5 Rc8 24. b4 Rc7 25. f4 Nc4 26. Kf2 Rfc8 27. Kf3
Kf8 28. Rd4 Nb6 29. c4 Ke7 30. Rad1 a5 31. a3 axb4 32. axb4 Ra8 33. R1d3 Ra2
34. Rc3 h4 35. Ne4 f5 36. Nc5 Rc6 37. Nd3 Nd5 38. Rc1 Ra3 39. Kf2 Ra2+ 40. Kf3
Ra3 41. Kf2 Ra2+ 42. Kf3 Ra3 43. Kf2 Ra2+ 44. Kg1 Ne3 45. Ne1 Rb2 46. c5 Nd5
47. Nd3 Rb3 48. Ne5 Rc8 49. Nxg6+ Kf6 50. Nxh4 Nxb4 51. Rdc4 Nd3 52. R1c3 Rxc3
53. Rxc3 Nxf4 54. Nf3 Ne2+ 0-1

[Event "Lindores Abbey Tal Blitz 2021"]
[Site "Riga"]
[Date "2021.11.08"]
[Round "11.45"]
[White "Ernst, Sipke"]
[Black "Batsiashvili, Nino"]
[Result "1-0"]
[WhiteElo "2532"]
[BlackElo "2491"]
[Annotator "ChessBase"]
[PlyCount "71"]
[EventDate "2021.11.02"]
[EventType "swiss"]
[EventCountry "LAT"]
[SourceTitle "playchess.com"]
[Source "ChessBase"]
[SourceQuality "1"]

1. d4 d5 2. c4 e6 3. Nf3 Nf6 4. g3 Be7 5. Bg2 O-O 6. Nc3 c5 7. cxd5 exd5 8. O-O
Nc6 9. Bg5 c4 10. Ne5 Be6 11. e3 h6 12. Bxf6 Bxf6 13. Nxc6 bxc6 14. b3 Rc8 15.
Na4 Be7 16. Qc2 c5 17. Nxc5 Bxc5 18. dxc5 Rxc5 19. Rfd1 Qb6 20. bxc4 dxc4 21.
Qc3 Rb8 22. Be4 Qc7 23. h4 Qe5 24. Rd4 h5 25. Rad1 Qf6 26. Qa3 Rc7 27. Qa5 Rbc8
28. Qxc7 Rf8 29. Qf4 Qe7 30. Qd6 Qf6 31. Qf4 Qe7 32. Qe5 Rc8 33. Qxh5 g6 34.
Qg5 Qc7 35. Rd8+ Rxd8 36. Qxd8+ 1-0

[Event "Lindores Abbey Tal Blitz 2021"]
[Site "Riga"]
[Date "2021.11.08"]
[Round "11.46"]
[White "Tregubov, Pavel V."]
[Black "Divya Deshmukh"]
[Result "0-1"]
[WhiteElo "2537"]
[BlackElo "2310"]
[Annotator "ChessBase"]
[PlyCount "108"]
[EventDate "2021.11.02"]
[EventType "swiss"]
[EventCountry "LAT"]
[SourceTitle "playchess.com"]
[Source "ChessBase"]
[SourceQuality "1"]

1. e4 c5 2. Nf3 d6 3. Bb5+ Nd7 4. Ba4 Ngf6 5. O-O a6 6. c4 g6 7. Nc3 Bg7 8. d4
cxd4 9. Nxd4 O-O 10. Re1 Qc7 11. Bb3 Ne5 12. Bg5 Be6 13. Rc1 Kh8 14. Nd5 Bxd5
15. cxd5 Qb6 16. h3 Rac8 17. Be3 Rxc1 18. Qxc1 Nd3 19. Qd1 Nxe1 20. Ne6 Qb4 21.
Nxf8 Nxg2 22. Kxg2 Qxe4+ 23. Qf3 Qxf3+ 24. Kxf3 Bxf8 25. a4 Nd7 26. a5 Bg7 27.
Ba4 Ne5+ 28. Ke2 Nc4 29. Bc6 Nxa5 30. Be8 Kg8 31. b4 Nc4 32. Ba7 Kf8 33. Bd7
Bc3 34. Bc8 Bxb4 35. Bxb7 a5 36. Ba6 Nb2 37. Bd4 Na4 38. Bb5 Nc3+ 39. Bxc3 Bxc3
40. f3 Kg7 41. Kd3 Bb4 42. Ke4 Kf6 43. Be8 e6 44. Bc6 Bc5 45. Be8 Ke7 46. Ba4
f5+ 47. Kd3 e5 48. Bc6 Kf6 49. Ke2 Kg5 50. Be8 Kf4 51. Ba4 e4 52. fxe4 Kxe4 53.
Bc6 Kf4 54. Bd7 Kg3 0-1

[Event "Lindores Abbey Tal Blitz 2021"]
[Site "Riga"]
[Date "2021.11.08"]
[Round "11.47"]
[White "Harika, Dronavalli"]
[Black "Padmini, Rout"]
[Result "1/2-1/2"]
[WhiteElo "2511"]
[BlackElo "2353"]
[Annotator "ChessBase"]
[PlyCount "131"]
[EventDate "2021.11.02"]
[EventType "swiss"]
[EventCountry "LAT"]
[SourceTitle "playchess.com"]
[Source "ChessBase"]
[SourceQuality "1"]

1. e4 c5 2. c3 d5 3. exd5 Qxd5 4. d4 g6 5. Nf3 Bg7 6. Nbd2 cxd4 7. Bc4 Qd8 8.
Nxd4 Nf6 9. O-O O-O 10. N2f3 Nbd7 11. Re1 a6 12. a4 Nb6 13. Bb3 Nbd5 14. Bg5 h6
15. Bh4 e6 16. a5 b5 17. axb6 Qxb6 18. Ne5 g5 19. Bg3 Bb7 20. Nc4 Qa7 21. Na5
Rfc8 22. Be5 Nf4 23. Bxf4 gxf4 24. Qd2 Nh5 25. Bd1 Nf6 26. Qxf4 Bd5 27. Bf3
Rab8 28. Bxd5 Nxd5 29. Qg3 Rxb2 30. Nac6 Qc7 31. Qf3 Rb6 32. c4 Nb4 33. Nxb4
Rxb4 34. Nxe6 fxe6 35. Rxa6 Rxc4 36. Raxe6 Rc1 37. g3 Rxe1+ 38. Rxe1 Rf8 39.
Qd5+ Kh8 40. Re2 Qb6 41. Kg2 Qf6 42. Qe4 Rf7 43. h4 Qf5 44. Qxf5 Rxf5 45. f4
Kh7 46. Kf3 Ra5 47. g4 Ra3+ 48. Re3 Ra2 49. h5 Rh2 50. Re7 Rh1 51. Rb7 Kg8 52.
Ke4 Ra1 53. Rb8+ Kf7 54. Rb7+ Kg8 55. g5 Ra5 56. Rb8+ Kf7 57. g6+ Ke7 58. Rb7+
Kf8 59. Rb8+ Ke7 60. Rb7+ Kf8 61. Rf7+ Kg8 62. f5 Ra4+ 63. Kd5 Ra5+ 64. Ke4
Ra4+ 65. Kd5 Ra5+ 66. Ke4 1/2-1/2

[Event "Lindores Abbey Tal Blitz 2021"]
[Site "Riga"]
[Date "2021.11.08"]
[Round "11.48"]
[White "Lujan, Carolina"]
[Black "Jumabayev, Rinat"]
[Result "0-1"]
[WhiteElo "2340"]
[BlackElo "2658"]
[Annotator "ChessBase"]
[PlyCount "66"]
[EventDate "2021.11.02"]
[EventType "swiss"]
[EventCountry "LAT"]
[SourceTitle "playchess.com"]
[Source "ChessBase"]
[SourceQuality "1"]

1. e4 c5 2. Nf3 d6 3. g3 Nf6 4. d3 g6 5. Bg2 Bg7 6. O-O O-O 7. Re1 Nc6 8. c3
Bg4 9. h3 Bxf3 10. Bxf3 Nd7 11. Bg2 Rb8 12. a4 a6 13. f4 Qc7 14. f5 b5 15. axb5
axb5 16. Bf4 b4 17. Qc1 Nde5 18. Qe3 bxc3 19. Nxc3 Rxb2 20. Nd5 Qd7 21. Bh6 Nd4
22. Bxg7 Kxg7 23. Rf1 f6 24. g4 g5 25. h4 h6 26. Ra6 Nxg4 27. Qh3 Ne5 28. Rfa1
Rfb8 29. hxg5 hxg5 30. Ra7 Rb1+ 31. Kh2 R1b7 32. Rxb7 Qxb7 33. Kg3 Rh8 0-1

[Event "Lindores Abbey Tal Blitz 2021"]
[Site "Riga"]
[Date "2021.11.08"]
[Round "11.49"]
[White "Girya, Olga"]
[Black "Gunina, Valentina"]
[Result "0-1"]
[WhiteElo "2402"]
[BlackElo "2480"]
[Annotator "ChessBase"]
[PlyCount "90"]
[EventDate "2021.11.02"]
[EventType "swiss"]
[EventCountry "LAT"]
[SourceTitle "playchess.com"]
[Source "ChessBase"]
[SourceQuality "1"]

1. d4 d5 2. c4 c6 3. Nf3 Nf6 4. Qb3 dxc4 5. Qxc4 Bg4 6. Nc3 Nbd7 7. Bf4 Nb6 8.
Qd3 Nbd5 9. Nxd5 Qxd5 10. Nd2 Bf5 11. Qc3 Rd8 12. e3 e6 13. f3 Bg6 14. Bc4 Qd7
15. Be5 Be7 16. Nb3 O-O 17. O-O Nd5 18. Qc1 Bg5 19. Re1 b6 20. Bg3 Qe7 21. f4
Bh4 22. e4 Bxg3 23. hxg3 Nf6 24. f5 Bh5 25. Qg5 h6 26. Qh4 b5 27. Bf1 exf5 28.
e5 g5 29. Qh2 Bg6 30. exf6 Qxf6 31. Qxh6 a5 32. Rad1 a4 33. Nc1 Rxd4 34. Ne2
Rg4 35. Rd2 Qe7 36. Red1 b4 37. Rd7 Qe3+ 38. Kh1 Re4 39. Rd8 Ree8 40. Rxe8 Rxe8
41. Rd6 Qe5 42. Rxg6+ fxg6 43. Qxg6+ Kf8 44. Qh6+ Kf7 45. Qxc6 Rh8+ 0-1

[Event "Lindores Abbey Tal Blitz 2021"]
[Site "Riga"]
[Date "2021.11.08"]
[Round "11.50"]
[White "Shuvalova, Polina"]
[Black "Assaubayeva, Bibisara"]
[Result "0-1"]
[WhiteElo "2515"]
[BlackElo "2400"]
[Annotator "ChessBase"]
[PlyCount "106"]
[EventDate "2021.11.02"]
[EventType "swiss"]
[EventCountry "LAT"]
[SourceTitle "playchess.com"]
[Source "ChessBase"]
[SourceQuality "1"]

1. e4 c5 2. Nf3 d6 3. d4 cxd4 4. Nxd4 Nf6 5. Nc3 a6 6. g3 g6 7. Bg2 Bg7 8. O-O
O-O 9. h3 Nc6 10. Be3 Rb8 11. Re1 Nxd4 12. Bxd4 e5 13. Ba7 Ra8 14. Be3 Be6 15.
Qd2 Qd7 16. Rad1 Bxh3 17. Qxd6 Qxd6 18. Rxd6 Bxg2 19. Kxg2 b5 20. Bg5 b4 21.
Na4 Ne8 22. Rc6 f6 23. Be3 a5 24. Rd1 f5 25. exf5 gxf5 26. Nb6 Ra6 27. Rc8 Nf6
28. Rc7 f4 29. Bc5 Re8 30. gxf4 exf4 31. f3 Bf8 32. Bd4 Re7 33. Rc8 Nd7 34. Nd5
Re2+ 35. Kh3 Rh6+ 36. Kg4 Rg2+ 37. Kxf4 Kf7 38. Ra8 Re2 39. Ne3 Rh4+ 40. Kg3
Reh2 41. Nf5 R2h3+ 42. Kg2 Rh2+ 43. Kg3 R2h3+ 44. Kf2 Rh5 45. Ne3 Rh2+ 46. Ng2
Be7 47. Ra7 Nf6 48. Bxf6 Kxf6 49. Re1 Bc5+ 50. Kg3 Bxa7 51. Nf4 Bb8 52. Re6+
Kf7 53. Rb6 R2h3+ 0-1

[Event "Lindores Abbey Tal Blitz 2021"]
[Site "Riga"]
[Date "2021.11.08"]
[Round "11.51"]
[White "Eizaguerri Floris, Maria"]
[Black "Javakhishvili, Lela"]
[Result "0-1"]
[WhiteElo "2328"]
[BlackElo "2446"]
[Annotator "NA"]
[PlyCount "54"]
[EventDate "2021.11.02"]
[EventType "swiss"]
[EventCountry "LAT"]
[SourceTitle "playchess.com"]
[Source "ChessBase"]
[SourceQuality "1"]

1. e4 c5 2. Nf3 e6 3. c3 Nf6 4. e5 Nd5 5. d4 cxd4 6. cxd4 b6 7. Bc4 Ba6 8. b3
Qc7 9. Nbd2 Bb4 10. O-O Bc3 11. Rb1 b5 12. Bxd5 exd5 13. b4 Nc6 14. a3 Nxd4 15.
Nxd4 Bxd4 16. Nf3 Bb6 17. Qxd5 Bb7 18. Qd3 O-O 19. Ng5 g6 20. Qh3 h5 21. Bb2
Qc2 22. Qh4 Rac8 23. Qf4 Rc4 24. Qg3 Rg4 25. Qc3 Rxg2+ 26. Kh1 Rxf2+ 27. Nf3
Rxh2# 0-1

[Event "Lindores Abbey Tal Blitz 2021"]
[Site "Riga"]
[Date "2021.11.08"]
[Round "11.52"]
[White "Buksa, Nataliya"]
[Black "Arabidze, Meri"]
[Result "1-0"]
[WhiteElo "2410"]
[BlackElo "2441"]
[Annotator "NA"]
[PlyCount "89"]
[EventDate "2021.11.02"]
[EventType "swiss"]
[EventCountry "LAT"]
[SourceTitle "playchess.com"]
[Source "ChessBase"]
[SourceQuality "1"]

1. d4 Nf6 2. Nc3 d5 3. Bf4 e6 4. Nb5 Na6 5. e3 c6 6. Nc3 Bd6 7. Nf3 O-O 8. Bd3
Nb4 9. O-O Nxd3 10. cxd3 Bxf4 11. exf4 b6 12. Ne5 c5 13. Ne2 Bb7 14. Qd2 Rc8
15. Rac1 Ba6 16. b3 Nd7 17. Rfd1 Rc7 18. Nxd7 Qxd7 19. dxc5 Rxc5 20. b4 Rxc1
21. Rxc1 g6 22. g3 Qb5 23. Rd1 Rc8 24. Nd4 Qa4 25. Rb1 Qa3 26. b5 Bb7 27. Rb3
Rc1+ 28. Kg2 Qc5 29. Qe3 Ra1 30. Rb2 Qc3 31. Rc2 Qa3 32. Rc7 Qxa2 33. Rxb7 Qb1
34. Rb8+ Kg7 35. Qe5+ f6 36. Rb7+ Kh6 37. Qe2 e5 38. fxe5 fxe5 39. Qe3+ g5 40.
Nf5+ Kg6 41. Ne7+ Kh5 42. g4+ Kh6 43. Qh3+ Kg7 44. Nxd5+ Kf8 45. Qf3+ 1-0